000 00587nam a2200241 a 4500
001 0001-1407
003 ELIB.Books
008 160804 2010 eng
020 _a1576581993
035 _a(ELIB.Books)0001-1562
092 _aB
_bBen
100 _aBenge, Janet.
245 _aLoren Cunningham: Into All The World
260 _aWaco
_bYWAM Publishing
_c2011
300 _a219
_c20.5 Cm
500 _aTansy Kadoe
650 _aBiography
856 _nKBTS Library
_uKBTS: ELIB
942 _2ddc
_cBK
990 _a1
998 _cbat
_e2016-08-04
999 _c11407
_d11407